000 00870nam2a2200229 4500
001 rc\2947755
005 20110829133958.3
035 _a(NLR Aleph) 007095716
090 _a13601153
_c13601153
100 _a20110829d1934 |||y0rusy50 ca
101 0 _arus
102 _aRU
105 _ay z |||||
200 1 _aМетоды газового анализа
210 _d1934
461 0 _1001rc\2947754
_12001#$aПриродные газы СССР$eВып. 5-$fСборник статей под ред. акад. И.М. Губкина, акад. А.Е. Ферсмана и проф. Б.С. Швецова$gКом. по химизации нар. хоз-ва СССР при Госплане СССР$vВып. 5
700 1 _aХлопин
_bВ. Г.
801 0 _aRU
_bNLR
_gpsbo
801 1 _aRU
_bELAR
_2rusmarc
852 _aNLR
_j34-19/592
942 _cBOOK
980 _aNB